Emigration intentions and risk behaviour among university students

Bibliographic Details
Main Authors: Gajdošová, Beata, 1960- (Author, Editor), Orosová, Oľga, 1957- (Author, Editor), Bačíková, Mária (Author), Bavoľár, Jozef, 1982- (Author), Benka, Jozef (Author), Barbierik, Lucia, 1988- (Author), Janovská, Anna (Author), Kalina, Ondrej, 1982- (Author), Kulanová, Marta (Author), Onufrák, Alexander, 1980- (Author)
Format: Software eBook
Language:English
Slovak
PhysicalDescription:1 CD-ROM 12 cm
Published: Košice Pavol Jozef Šafárik University in Košice 2017
ISBN:9788081525629
Edition:Vydanie: prvé
Subjects:
Online Access:http://unibook.upjs.sk

MARC

LEADER 00000nam a2200000 4500
001 vtls011864380
003 SK-MaSNL
005 20260426010345.0
007 co bg auuua
008 190506s2017 xo | fqn 000 0 eng
015 |a SNBS2019 
020 |a 9788081525629  |q (elektronická kniha) 
040 |a SNK  |b slo  |c SNK  |e rda 
041 0 |a eng  |a slo 
043 |a e-xo--- 
044 |a xo  |c SK 
072 7 |a 314  |x Demografia. Populácia  |2 konspekt 
080 |a 314.15-026.49  |2 2011 
080 |a 314.15-026.44  |2 2011 
080 |a 316.624  |2 2011 
080 |a 378.011.3-052  |2 2011 
080 |a (437.6)  |2 2011 
080 |a (048.8)  |2 2011 
080 |a (0.034.44)  |2 2011 
245 0 0 |a Emigration intentions and risk behaviour among university students  |c O. Orosová, B. Gajdošová (eds.) 
250 |a Vydanie: prvé 
264 1 |a Košice  |b Pavol Jozef Šafárik University in Košice  |c 2017 
300 |a 1 CD-ROM  |c 12 cm 
336 |a text  |b txt  |2 rdacontent 
337 |a počítač  |b c  |2 rdamedia 
338 |a počítačový disk  |b cd  |2 rdacarrier 
347 |a textový súbor  |b PDF  |2 rda 
504 |a Obsahuje bibliografie 
546 |a Text aj v slovenčine 
650 0 7 |a emigrácia  |2 SNKPH  |9 3822 
650 0 7 |a medzinárodná migrácia  |2 SNKPH  |9 3786 
650 0 7 |a rizikové správanie  |2 SNKPH  |9 114927 
650 0 7 |a vysokoškolskí študenti  |2 SNKPH  |9 3981 
650 0 7 |a Emigration  |2 SNKPHeng  |9 286677 
650 0 7 |a International migration  |2 SNKPHeng  |9 268552 
650 0 7 |a Risk behavior  |2 SNKPHeng  |9 330172 
650 0 7 |a College students  |2 SNKPHeng  |9 275186 
651 7 |a Slovensko  |2 SNKPHgeo  |9 14231 
651 7 |a Slovakia  |2 SNKPHeng  |9 92630 
655 7 |a monografie  |2 SNKPH  |9 70139 
655 7 |a CD-ROM  |2 SNKPH  |9 70236 
655 7 |a Monographs  |2 SNKPHeng  |9 120675 
700 1 |a Gajdošová, Beata,  |d 1960-  |4 edt  |4 aut  |9 240532 
700 1 |a Orosová, Oľga,  |d 1957-  |4 edt  |4 aut  |9 240534 
700 1 |a Bačíková, Mária  |4 aut  |9 437625 
700 1 |a Bavoľár, Jozef,  |d 1982-  |4 aut  |9 201192 
700 1 |a Benka, Jozef  |4 aut  |9 9038 
700 1 |a Barbierik, Lucia,  |d 1988-  |4 aut  |9 242311 
700 1 |a Janovská, Anna  |4 aut  |9 191848 
700 1 |a Kalina, Ondrej,  |d 1982-  |4 aut  |9 261911 
700 1 |a Kulanová, Marta  |4 aut  |9 667694 
700 1 |a Onufrák, Alexander,  |d 1980-  |4 aut  |9 208970 
856 4 1 |u http://unibook.upjs.sk 
919 |a 978-80-8152-562-9 
958 |a NB 
999 |c 1032307  |d 1034237 
952 |a SNK  |b SNK  |y PREZ  |7 0  |p 17A1371574  |o snkSCDM 10509  |i snk2019/12588  |8 0  |0 0  |1 0  |4 0  |d 2019-05-06  |l 0  |r 2026-02-24 13:58:23  |w 2026-02-24 
952 |t snkEMI 378  |a SNKMST  |b SNKMST  |y PREZ  |7 0  |p 17A1371575  |o snkSCDM 10509 D1  |i snk2019/12589  |8 0  |0 0  |1 0  |4 0  |d 2019-05-06  |l 0  |r 2025-08-11 00:00:00  |w 2026-02-24